Luces encendida : (Registro nro. 11015)

Detalles MARC
000 -LIDER
fixed length control field 00807nam a22002537a 4500
001 - NÚMERO DE CONTROL
Identificador de número de control 00800
003 - IDENTIFICACDOR DE NÚMERO DE CONTROL
control field DO-SdBNP
005 - DATE AND TIME OF LATEST TRANSACTION
control field 20180213133318.0
007 - CAMPOS FIJOS DE DESCRIPCIÓN FÍSICA
fixed length control field 00800
008 - ELEMENTOS DE LONGITUD FIJA
fixed length control field 160722b 2001 xxu ||||| |||| 00| 0 spa d
020 ## - ISBN
International Standard Book Number 9780311400386
040 ## - FUENTE DE CATALOGACIÓN
Agencia que crea de manera original el registro BPMSU
Idioma de catalogación spa
Agencia que realiza la transcripción BPMSU
092 ## - LOCALLY ASSIGNED DEWEY DECIMAL CALL NUMBER
Número de clasificación xxxxxxxxx
Número de ítem (Cutter) xxxxxxxx
100 1# - ASIENTO PRINCIPAL -- NOMBRE PERSONAL
Nombre personal Limardo, Miguel
245 1# - MENCIÓN DE TITULO
Título Luces encendida :
Subtítulo una porción para cada día, como el pan en el padre nuestro /
Mención de responsabilidad Miguel Limardo ; prólogo Mercedes Ortíz de Martínez
250 ## - MENCIÓN DE EDICION
Mención de edición 11a ed.
260 ## - PUBLICACIÓN, DISTRIBUCIÓN, ETC. (PIE DE IMPRENTA)
Lugar de publicación, distribución, etc Estados Unidos :
Nombre del editor, distribuidor, etc. Mundo hispanp,
Fecha de publicación, distribución, etc 2001.
300 ## - DESCRIPCIÓN FÍSICA
Extensión 180 p. :
Dimensiones 18 cm.
500 ## - NOTA GENERAL
Nota general Un devocionario para cada día
700 1# - ASIENTO SECUNDARIO -- NOMBRE PERSONAL
Nombre personal Ortíz Martínez, Mercedes de,
Mención de responsabilidad pról.
942 ## - ADDED ENTRY ELEMENTS (KOHA)
Source of classification or shelving scheme Dewey Decimal Classification
Koha item type Libros
945 ## - INFORMACIÓN DE PROCESAMIENTO LOCAL
Información de procesamiento local inventariado, 2018 / dg
956 ## - LOCAL ELECTRONIC LOCATION AND ACCESS (OCLC)
Nombre de host BTAVÁREZ
Número de acceso 10
Información de compresión 20162207
Trayectoria 00800
Existencias
Withdrawn status Lost status Source of classification or shelving scheme Damaged status Not for loan Home library Current library Date acquired Source of acquisition Total Checkouts Barcode Date last seen Price effective from Koha item type
    Dewey Decimal Classification     Biblioteca Pública Metropolitana Salomé Ureña Biblioteca Pública Metropolitana Salomé Ureña 07/22/2016 Fundi   BPMSU16070640 07/22/2016 07/22/2016 Libros